| 000 | 00856nam a2200313 a 4500 | ||
|---|---|---|---|
| 999 |
_c9769 _d9769 |
||
| 001 | 9769 | ||
| 003 | BD-JhCC | ||
| 005 | 20190509095546.0 | ||
| 008 | 180328s1985 nyua 001 0 eng d | ||
| 020 | _a0471890448 | ||
| 020 | _a0471610526 (WileyInternational ed) | ||
| 035 | _aBD-JhCC)9769 | ||
| 040 |
_aBD-JhCC _dBD-JhCC |
||
| 041 | _aeng | ||
| 050 | 0 | _aTA404.8 | |
| 082 |
_a620.1/12 _219 _b MEC 1985 |
||
| 245 | 0 | 0 |
_aMechanics of materials / _cArchie Higdon ... [et al] |
| 250 | _a4th ed | ||
| 260 |
_aNew York ; _aChichester : _bWiley, _cc1985 |
||
| 300 |
_axvii, 468 p : _bill ; _c23 cm |
||
| 500 | _aText on lining papers | ||
| 500 | _aPrevious ed.: i.e. 3rd ed. rev. 1978 | ||
| 504 | _aIncludes Index | ||
| 650 | 0 | _aMaterials | |
| 650 | 0 | _aMechanics, Applied | |
| 700 | 1 |
_aHigdon, Archie, _d1905- |
|
| 942 |
_2ddc _cBK |
||